000 00491nam a2200205Ia 4500
003 GCL
008 140319s9999 xx 000 0 eng d
040 _aGCL /
_cGCL
082 0 4 _a843
_bW O \\=aWOLLHEIM, RICHARDv
245 1 0 _aORLANDO
700 1 _aWOOLF, VIRGINIA
700 1 _aMAURON, CHARLES
260 _a[S.N] :
_bSTOCK ،
_c1974
300 _a350
650 0 4 _aLITERATURE
650 0 4 _aFICTION
650 0 4 _aFRENCH FICTION
650 0 4 _aFRENCH LITERATURE
942 _2ddc
_cBK
999 _c25444
_d25444